Readings in public choice economics
Guardado en:
| Otros Autores: | |
|---|---|
| Formato: | Libro |
| Lenguaje: | inglés |
| Publicado: |
Michigan
The University of Michigan Press
2007
|
| Materias: | |
| Etiquetas: |
Sin Etiquetas, Sea el primero en etiquetar este registro!
|
MARC
| LEADER | 00000nam$a2200000$$$4500 | ||
|---|---|---|---|
| 001 | 0115688 | ||
| 005 | 20240315115622.2 | ||
| 020 | |a 0-472-03021-3 | ||
| 041 | 0 | |a eng | |
| 044 | |a US | ||
| 245 | 1 | 0 | |a Readings in public choice economics |c Jac C. Heckelman, editor |
| 264 | 1 | |a Michigan |b The University of Michigan Press |c 2007 | |
| 300 | |a 422 s. | ||
| 610 | 2 | 0 | |a veda ekonomická |
| 610 | 2 | 0 | |a teórie ekonomické |
| 610 | 2 | 0 | |a ekonómia |
| 700 | 1 | |a Heckelman, Jac C. | |